La premisa fáctica: consideraciones metodológicas para su establecimiento en el contexto judicial

I tiakina i:
Ngā taipitopito rārangi puna kōrero
Kaituhi matua: Matus de la Fuente, Rodrigo (autor)
Hōputu: Pukapuka
Reo:Pāniora
I whakaputaina: Santiago Legal Publishing 2019
Putanga:1a. ed
Rangatū:Monografías
Ngā marau:
Ngā Tūtohu: Tāpirihia he Tūtohu
Kāore He Tūtohu, Me noho koe te mea tuatahi ki te tūtohu i tēnei pūkete!

MARC

LEADER 00000cam a2200000 a 4500
001 UCC9292
003 CL-VaPUC
008 190914e20190000cl |||||||||||||||||spa|d
020 |a 9789564000619 
082 0 4 |a 364.62  |b MAT  |2 21 
100 |a Matus de la Fuente, Rodrigo  |e autor  |9 604270 
245 1 3 |a La premisa fáctica: consideraciones metodológicas para su establecimiento en el contexto judicial 
250 |a 1a. ed 
300 |a 161 p 
942 |c BK 
945 |d 20190914 23:07:00  |a dcastane 
260 |a Santiago  |b Legal Publishing  |c 2019 
650 7 |a SENTENCIA INDETERMINADA  |2 CL-VaPUC  |9 256363 
650 0 |a Penas   |9 255927 
583 |a last modification  |c 20190914 23:07:00  |k Rodrigo Vera 
490 0 |a Monografías 
999 |c 375478  |d 375476 
952 |0 0  |1 0  |3 erb  |4 0  |6 364_620000000000000_MAT_2019  |7 0  |8 A  |9 494465  |a BIBDER  |b BIBDER  |i 5601673  |o 364.62 MAT 2019  |p 5601673  |r 2023-01-25  |w 2019-11-24  |y BK  |z Catalogado en:20190914  |k DER